000 03511cam a22006374i 4500
003 PE-LiUPU
005 20250731180112.0
008 171108s2016 mx a r 001 0 spa d
020 _a9786071513663
035 _a(Sirsi) a240009
040 _aPE-LiUPU
_bspa
_cPE-LiUPU
_erda
049 _aPRUA
082 0 4 _a574.88
_bB5
_220
245 0 0 _aBiología molecular :
_bfundamentos y aplicaciones en las ciencias de la salud /
_cAdriana María Salazar Montes, Ana Soledad Sandoval Rodríguez, Juan Armendáriz Borunda.
250 _aSegunda edición.
264 1 _aMéxico :
_bMcGraw-Hill Education,
_c2016.
300 _axii, 358 páginas :
_bilustraciones ;
_c27 centímetros
336 _atext
_2rdacontent
337 _aunmediated
_2rdamedia
338 _avolume
_2rdacarrier
504 _aIndice : páginas 349-358.
505 0 _aHistoria de la biología molecular -- Proyecto de la genoma humano -- Ciclo celular -- Ácidos nucleicos -- Replicación -- Transcripción -- Traducción -- Regulación de la expresión génica -- Mutaciones -- Macanismos de la reparación del DNA -- Manejo de muestras para análisis molecular -- Extracción de ácidos nucleicos -- Electroforesis -- Enzimas de restricción -- Vectores de clonación y expresión -- Técnicas de hibridación -- Reacción en cadena de la polimerasa -- Secuenciación del DNA y microarreglos -- Polimorfismos de DNA y huella genética -- Bases moleculares de las patologías humanas -- Enfermedades monogénicas -- Bases moleculares de las hemoglobinopatías -- Bases moleculares del cáncer -- Bases moleculares de la diabetes mellitus tipo 2 -- Bases moleculares de la obesidad -- Bases moleculares de la hepatitis B -- Bases moleculares de la hepatitis C -- Bases moleculares del virus de la inmunodeficiencia humana -- Terapia génica -- Células madre y su aplicación en la terapia celular -- Organismos genéticamente modificados y clonados -- Nutrición molecular -- Epigenética y sus implicaciones en la expresión de genes -- RNA de interferencia: una herramienta genómica funcional -- Biología molecular del deporte -- Dopaje génico.
526 _aSEG44
526 _aSEG26
526 _aP159
526 _aP155
526 _aP154
526 _aP153
526 _aP150
526 _aP100
526 _aP31
526 _aP30
526 _aP26
526 _aP25
526 _aP24
526 _aP22
526 _aP15
526 _aP10
526 8 _iPrograma académico :
_5PE-LiUPU
541 _g0001-0042201;
650 0 4 _aBiología molecular.
_9709
650 0 4 _aGenoma humano.
650 0 4 _aDiabetes.
650 0 4 _aMolecular biology.
650 0 4 _aHuman genome.
650 0 4 _aDiabetes.
700 1 _aSalazar Montes, Adriana María,
_eeditora.
700 1 _aSandoval Rodríguez, Ana Soledad,
_eeditora.
700 1 _aArmendáriz Borunda, Juan Socorro,
_eeditor.
910 _adbm
_bncf
_cncf
_d20171108
942 _2ddc
_cBOOK
994 _aC0
_bPEPRU
596 _a1
999 _a574.88 B5
_wDEWEY
_c25669
_i76950
_d25669
_e2018-8-9
_f2021-11-5
_g4
_lCCODEBUL1
_mBUL
_n2
_p58.01
_q5
_r0
_sY
_tBOOK
_u2017-11-8
_xBIBLIOTECA
_PP30
_0COMPRA
_o.STAFF. Colección Ciencias de la Salud
999 _a574.88 B5
_wDEWEY
_c2
_i76951
_d2019-11-6
_e2019-8-5
_f2021-11-5
_g4
_lCCODEBUL1
_mBUL
_n19
_p58.01
_q11
_r0
_sY
_tBOOK
_u2017-11-8
_xBIBLIOTECA
_PP30
_0COMPRA
_o.STAFF. Colección Ciencias de la Salud
980 _81
_gALBERTO SANCHEZ Responsable de Automatización